Second Regional seminar on fisheries management and development cooperation in the lower Mekong Basin: Meeting report
The aims of the seminar is stated in the opening address by the officer-in-charge of the MRC Secretariat and director of the resources. The organizers are convinced that the advice given by the participant in the seminar may lead to a solid cooperation on fisheries management and development the r...
Tallennettuna:
| Aineistotyyppi: | Kirja |
|---|---|
| Kieli: | Undetermined |
| Julkaistu: |
Bangkok
Mekong river commission Secrettariat
1995
|
| Aiheet: | |
| Tagit: |
Lisää tagi
Ei tageja, Lisää ensimmäinen tagi!
|
| Thư viện lưu trữ: | Trung tâm Học liệu Trường Đại học Cần Thơ |
|---|
| LEADER | 00910nam a2200193Ia 4500 | ||
|---|---|---|---|
| 001 | CTU_149878 | ||
| 008 | 210402s9999 xx 000 0 und d | ||
| 082 | |a 333.96 | ||
| 082 | |b S445 | ||
| 245 | 0 | |a Second Regional seminar on fisheries management and development cooperation in the lower Mekong Basin: | |
| 245 | 0 | |b Meeting report | |
| 245 | 0 | |c Mekong river commission Secrettariat | |
| 260 | |a Bangkok | ||
| 260 | |b Mekong river commission Secrettariat | ||
| 260 | |c 1995 | ||
| 520 | |a The aims of the seminar is stated in the opening address by the officer-in-charge of the MRC Secretariat and director of the resources. The organizers are convinced that the advice given by the participant in the seminar may lead to a solid cooperation on fisheries management and development the region. | ||
| 650 | |a Fishery management | ||
| 904 | |i Năm | ||
| 980 | |a Trung tâm Học liệu Trường Đại học Cần Thơ | ||